000 00295nam a22001217a 4500
008 190316b xxu||||| |||| 00| 0 eng d
041 _aeng
080 _a043.3
100 _a0
101 _aINI-BA
245 _aProjekti Ideor " Rruge ne Fshatin Damja-Gjakove"
_cQarkaxhija, A
942 _2udc
_cBK
999 _c54859
_d54859